Normal view MARC view
  • Hassan Ahmad,

Entry Personal Name

Number of records used in: 3

001 - CONTROL NUMBER

  • control field: 3299

003 - CONTROL NUMBER IDENTIFIER

  • control field: OSt

005 - DATE AND TIME OF LATEST TRANSACTION

  • control field: 20170511103809.0

008 - FIXED-LENGTH DATA ELEMENTS

  • fixed length control field: 170511|| aca||aabn | a|a d

040 ## - CATALOGING SOURCE

  • Original cataloging agency: OSt
  • Transcribing agency: OSt

100 ## - HEADING--PERSONAL NAME

  • Personal name: Hassan Ahmad,
  • Titles and other words associated with a name: Datuk,
  • Dates associated with a name: 1936-2011

670 ## - SOURCE DATA FOUND

  • Source citation: Work cat.: (OSt)0: Holsti, K. J. (Kalevi Jacque), 1935- 3298, Politik antarabangsa :, 1992
Pusat Sumber Maklumat Dato' Haji Sarmin Md Hussin, Akademi Kastam Diraja Malaysia, Melaka
Tel: 06-2331106 | Faks: 06-2313787